The block busters /

Bibliographic Details
Main Author: Cameron, Lou, 1924-
Format: Book
Language:English
Published: New York : D. McKay Co., [1964]

MARC

Tag First Indicator Second Indicator Subfields
LEADER 00000cam a2200000 4500
001 in00000033955
005 20151007063356.0
008 750708s1964 nyu 00001 eng u
010 |a  64018237  
035 |a (OCoLC)01433664 
035 |9 AAD7245AM 
040 |c ORL  |d TXA  |d UtOrBLW 
049 |a TXAM  |c [368631] 
050 0 |a PZ4.C183  |b Bl 
090 |a PS3553.A434  |b B56 1964 
092 |a 813  |b C182b 
100 1 |a Cameron, Lou,  |d 1924- 
245 1 4 |a The block busters /  |c by Lou Cameron. 
264 1 |a New York :  |b D. McKay Co.,  |c [1964] 
264 4 |c ©1964 
300 |a 244 pages ;  |c 21 cm. 
336 |a text  |b txt  |2 rdacontent 
337 |a unmediated  |b n  |2 rdamedia 
338 |a volume  |b nc  |2 rdacarrier 
999 |a MARS 
999 f f |s a448e605-cb06-35b6-a839-ca8f32406d03  |i a7782ec0-5e89-339b-82ff-ed3454cd74d8  |t 0 
952 f f |p ric  |a Texas A&M University  |b Rellis Campus  |c Joint Library Facility  |d Remote Storage  |t 0  |e PS3553.A434 B56 1964  |h Library of Congress classification  |i unmediated -- volume  |m A14824014743 
998 f f |a PS3553.A434 B56 1964  |t 0  |l Remote Storage